Films de John Carpenter par images - Statistiques

Statistiques générales
  • Ce quiz a été pris 24 fois
  • Le résultat moyen est 5 sur 12
Statistiques - réponses
Par images Réponse % Correct
The Thing
92%
Halloween
79%
Christine
67%
New York 1997
54%
Fog
46%
Ghosts of Mars
33%
Invasion Los Angeles
33%
Starman
33%
Dark Star
29%
L'Antre de la folie
29%
Les Aventures de Jack Burton dans les griffes du mandarin
29%
The Ward : L'hôpital de la terreur
21%
Aucun quiz correspondant
Distribution des résultats
% des personnes avec chaque résultat
Percentile par nombre de réponses
Votre historique - résultats
Vous n’avez pas pris ce quiz